One word at a time : the use of single word utterances before syntax

Αποθηκεύτηκε σε:
Λεπτομέρειες βιβλιογραφικής εγγραφής
Κύριος συγγραφέας: Bloom, Lois
Μορφή: Βιβλίο
Γλώσσα:English
Δημοσίευση: The Hague : Mouton, 1976 print.
Θέματα:
Ετικέτες: Προσθήκη ετικέτας
Δεν υπάρχουν, Καταχωρήστε ετικέτα πρώτοι!

MARC

LEADER 00000nam a2200000 i 4500
001 1/72143
008 960719s1976 eng d
020 |a 90-279-3375-8 
035 |a 1987  |c Αγορά  |l 10031155 
040 |a GR-MY-UA  |b gre  |e aacr 
041 0 |a eng 
082 0 |a 401.9 
100 1 |a Bloom, Lois. 
245 1 0 |a One word at a time :  |b the use of single word utterances before syntax /  |c Lois Bloom 
260 |a The Hague :   |b Mouton,   |c 1976 print. 
300 |a 262 p. 
650 0 0 |a Language acquisition. 
650 0 0 |a Children  |x Language. 
650 0 0 |a Psycholinguistics. 
852 |a INST  |b RHODES  |e 19960719  |h 401.9 BLO  |p 005400004744  |q 005400004744  |t BK  |y 0 
909 |a Ρ  |b 006091  |c 1987